<?xml version="1.0" encoding="UTF-8"?>
<record
    xmlns:xsi="http://www.w3.org/2001/XMLSchema-instance"
    xsi:schemaLocation="http://www.loc.gov/MARC21/slim http://www.loc.gov/standards/marcxml/schema/MARC21slim.xsd"
    xmlns="http://www.loc.gov/MARC21/slim">

  <leader>01152nam a2200253   4500</leader>
  <controlfield tag="001">76386</controlfield>
  <controlfield tag="003">BD-RjUL</controlfield>
  <controlfield tag="005">20211209082832.0</controlfield>
  <controlfield tag="008">191128s2013    bg ||||| |||| 00| 0 ben d</controlfield>
  <datafield tag="020" ind1=" " ind2=" ">
    <subfield code="a">9789849043317</subfield>
  </datafield>
  <datafield tag="035" ind1=" " ind2=" ">
    <subfield code="a">(BD-RjUL)76607</subfield>
  </datafield>
  <datafield tag="040" ind1=" " ind2=" ">
    <subfield code="a">BD-RjUL</subfield>
    <subfield code="b">ben/eng</subfield>
    <subfield code="c">BD-RjUL</subfield>
    <subfield code="d">BD-RjUL</subfield>
  </datafield>
  <datafield tag="041" ind1=" " ind2=" ">
    <subfield code="a">ben</subfield>
  </datafield>
  <datafield tag="082" ind1=" " ind2=" ">
    <subfield code="2">23</subfield>
    <subfield code="a">616.994052</subfield>
    <subfield code="b">SAC 2013</subfield>
  </datafield>
  <datafield tag="100" ind1="1" ind2=" ">
    <subfield code="a">&#x9B8;&#x99C;&#x9B2;, &#x9AE;&#x9CB;. &#x9A4;&#x9BE;&#x9B9;&#x9AE;&#x9BF;&#x9A8;&#x9C1;&#x9B0; &#x9B0;&#x9B9;&#x9AE;&#x9BE;&#x9A8;</subfield>
    <subfield code="9">127568</subfield>
  </datafield>
  <datafield tag="245" ind1="1" ind2="0">
    <subfield code="a">&#x995;&#x9CD;&#x9AF;&#x9BE;&#x9A8;&#x9CD;&#x9B8;&#x9BE;&#x9B0; &#x9AA;&#x9CD;&#x9B0;&#x9A4;&#x9BF;&#x9B0;&#x9CB;&#x9A7;&#x9C7; &#x986;&#x9AA;&#x9A8;&#x9BE;&#x9B0; &#x995;&#x9B0;&#x9A3;&#x9C0;&#x9AF;&#x9BC; /</subfield>
    <subfield code="c">&#x9AE;&#x9CB;. &#x9A4;&#x9BE;&#x9B9;&#x9AE;&#x9BF;&#x9A8;&#x9C1;&#x9B0; &#x9B0;&#x9B9;&#x9AE;&#x9BE;&#x9A8; &#x9B8;&#x99C;&#x9B2;, &#x9B9;&#x9CB;&#x9B8;&#x9A8;&#x9C7; &#x986;&#x9B0;&#x9BE; &#x9A4;&#x9BE;&#x9B9;&#x9AE;&#x9BF;&#x9A8; &#x99A;&#x9BE;&#x9B0;&#x9C1;</subfield>
  </datafield>
  <datafield tag="260" ind1=" " ind2=" ">
    <subfield code="a">&#x9A2;&#x9BE;&#x995;&#x9BE;:</subfield>
    <subfield code="b">&#x987;&#x9CD;&#x9A4;&#x9CD;&#x9AF;&#x9BE;&#x9A6;&#x9BF; &#x997;&#x9CD;&#x9B0;&#x9A8;&#x9CD;&#x9A5; &#x9AA;&#x9CD;&#x9B0;&#x995;&#x9BE;&#x9B6;, </subfield>
    <subfield code="c">&#x9E8;&#x9E6;&#x9E7;&#x9E9;</subfield>
  </datafield>
  <datafield tag="650" ind1=" " ind2=" ">
    <subfield code="a">&#x995;&#x9CD;&#x9AF;&#x9BE;&#x9A8;&#x9CD;&#x9B8;&#x9BE;&#x9B0;</subfield>
    <subfield code="x">&#x9AA;&#x9CD;&#x9B0;&#x9A4;&#x9BF;&#x9B0;&#x9CB;&#x9A7;</subfield>
    <subfield code="9">162147</subfield>
  </datafield>
  <datafield tag="650" ind1=" " ind2=" ">
    <subfield code="a">Cancer</subfield>
    <subfield code="x">Prevention</subfield>
    <subfield code="9">235757</subfield>
  </datafield>
  <datafield tag="650" ind1=" " ind2=" ">
    <subfield code="a">&#x995;&#x9CD;&#x9AF;&#x9BE;&#x9A8;&#x9CD;&#x9B8;&#x9BE;&#x9B0;&#x9C7;&#x9B0;</subfield>
    <subfield code="x">&#x99A;&#x9BF;&#x995;&#x9BF;&#x9CE;&#x9B8;&#x9BE;</subfield>
    <subfield code="9">235758</subfield>
  </datafield>
  <datafield tag="650" ind1=" " ind2=" ">
    <subfield code="a">Cancer</subfield>
    <subfield code="x">Treatment</subfield>
    <subfield code="9">235759</subfield>
  </datafield>
  <datafield tag="700" ind1=" " ind2=" ">
    <subfield code="a">&#x99A;&#x9BE;&#x9B0;&#x9C1;,  &#x9B9;&#x9CB;&#x9B8;&#x9A8;&#x9C7; &#x986;&#x9B0;&#x9BE; &#x9A4;&#x9BE;&#x9B9;&#x9AE;&#x9BF;&#x9A8;, &#x9AF;&#x9C1;&#x997;&#x9CD;&#x9AE; &#x9B2;&#x9C7;&#x996;&#x995;</subfield>
    <subfield code="9">235760</subfield>
  </datafield>
  <datafield tag="942" ind1=" " ind2=" ">
    <subfield code="2">ddc</subfield>
    <subfield code="c">BK</subfield>
  </datafield>
  <datafield tag="999" ind1=" " ind2=" ">
    <subfield code="c">76386</subfield>
    <subfield code="d">76386</subfield>
  </datafield>
  <datafield tag="952" ind1=" " ind2=" ">
    <subfield code="0">0</subfield>
    <subfield code="1">0</subfield>
    <subfield code="2">ddc</subfield>
    <subfield code="4">0</subfield>
    <subfield code="7">1</subfield>
    <subfield code="8">NFIC</subfield>
    <subfield code="a">RUCL</subfield>
    <subfield code="b">RUCL</subfield>
    <subfield code="c">Reading</subfield>
    <subfield code="d">2019-11-27</subfield>
    <subfield code="e">Rajshahi Bidyasagor</subfield>
    <subfield code="g">175.00</subfield>
    <subfield code="l">0</subfield>
    <subfield code="o">B 616.994052 SAC 2013</subfield>
    <subfield code="r">2019-11-28 00:00:00</subfield>
    <subfield code="t">C-1</subfield>
    <subfield code="w">2021-12-09</subfield>
    <subfield code="y">BK</subfield>
  </datafield>
  <datafield tag="952" ind1=" " ind2=" ">
    <subfield code="0">0</subfield>
    <subfield code="1">0</subfield>
    <subfield code="2">ddc</subfield>
    <subfield code="4">0</subfield>
    <subfield code="7">0</subfield>
    <subfield code="8">NFIC</subfield>
    <subfield code="a">RUCL</subfield>
    <subfield code="b">RUCL</subfield>
    <subfield code="c">Stack</subfield>
    <subfield code="d">2021-12-09</subfield>
    <subfield code="e">Rajshahi, Biddasagor</subfield>
    <subfield code="g">175.00</subfield>
    <subfield code="l">0</subfield>
    <subfield code="o">B 616.994052 SAC 2013</subfield>
    <subfield code="r">2019-12-12 00:00:00</subfield>
    <subfield code="t">C-2</subfield>
    <subfield code="w">2019-12-12</subfield>
    <subfield code="y">BK</subfield>
  </datafield>
  <datafield tag="952" ind1=" " ind2=" ">
    <subfield code="0">0</subfield>
    <subfield code="1">0</subfield>
    <subfield code="2">ddc</subfield>
    <subfield code="4">0</subfield>
    <subfield code="7">0</subfield>
    <subfield code="8">NFIC</subfield>
    <subfield code="a">RUCL</subfield>
    <subfield code="b">RUCL</subfield>
    <subfield code="c">Stack</subfield>
    <subfield code="d">2021-12-09</subfield>
    <subfield code="e">Rajshahi, Biddasagor</subfield>
    <subfield code="g">175.00</subfield>
    <subfield code="l">0</subfield>
    <subfield code="o">B 616.994052 SAC 2013</subfield>
    <subfield code="r">2019-12-12 00:00:00</subfield>
    <subfield code="t">C-3</subfield>
    <subfield code="w">2021-12-09</subfield>
    <subfield code="y">BK</subfield>
  </datafield>
</record>
